Preparing, designing, & leading workshops : (Record no. 19186)

000 -LEADER
fixed length control field 00824pam a2200253 i 4500
001 - CONTROL NUMBER
control field 863832
005 - DATE AND TIME OF LATEST TRANSACTION
control field 20170114155118.0
008 - FIXED-LENGTH DATA ELEMENTS--GENERAL INFORMATION
fixed length control field 790629s1980 mau 000 0 eng
010 ## - LIBRARY OF CONGRESS CONTROL NUMBER
LC control number 79009465
020 ## - INTERNATIONAL STANDARD BOOK NUMBER
International Standard Book Number 0843607793 :
040 ## - CATALOGING SOURCE
Original cataloging agency DLC
Transcribing agency DLC
Modifying agency DLC
050 00 - LIBRARY OF CONGRESS CALL NUMBER
Classification number LC 6519 .C66
100 1# - MAIN ENTRY--PERSONAL NAME
Personal name Cooper, Susan,
Dates associated with a name 1947-
245 10 - TITLE STATEMENT
Title Preparing, designing, & leading workshops :
Remainder of title a humanistic approach /
Statement of responsibility, etc. Susan Cooper, Cathy Heenan.
260 ## - PUBLICATION, DISTRIBUTION, ETC. (IMPRINT)
Place of publication, distribution, etc. Boston :
Name of publisher, distributor, etc. CBI Pub. Co.,
Date of publication, distribution, etc. c1980.
300 ## - PHYSICAL DESCRIPTION
Extent xii, 112 p. :
Other physical details diagrs. ;
Dimensions 24 cm.
650 #0 - SUBJECT ADDED ENTRY--TOPICAL TERM
Topical term or geographic name as entry element Forums (Discussion and debate)
650 #0 - SUBJECT ADDED ENTRY--TOPICAL TERM
Topical term or geographic name as entry element Leadership.
650 #0 - SUBJECT ADDED ENTRY--TOPICAL TERM
Topical term or geographic name as entry element Meetings.
700 1# - ADDED ENTRY--PERSONAL NAME
Personal name Heenan, Cathy,
Dates associated with a name 1945-
Relator term joint author.
942 ## - ADDED ENTRY ELEMENTS (KOHA)
Source of classification or shelving scheme
Koha item type Hard Covered Materials
Classification part LC 6519 .C66

No items available.

© Machakos University Library, Along The Highway, Machakos Wote Rd, Machakos, Kenya P.O. Box 136 - 90100 Machakos - Kenya

Tel: ( +254 ) 723 805829 OR Fax : 044-20353 OR Email: library@mksu.ac.ke